000 00430nam a2200181Ia 4500
001 15541
005 20260306170203.0
008 260306t2008||||xx |||||||||||||| ||und||
041 _aESP
082 _a543
_bS59
100 _aSkoog, Douglas A.
_eAUT
245 0 _aPrincipios de análisis instrumental
260 _c2008
300 _a1038 páginas :
_c26 cm.
650 _aGEN
654 _aCCN
942 _cLIB
_dJUS
_fJUS
_2ddc
_n
999 _c15541
_d15541